000 00304nam a22001217a 4500
008 180919b xxu||||| |||| 00| 0 eng d
041 _aeng
080 _a618
100 _a10
101 _aGJIN
245 _aThe quick reference Gynecology Handbook: 23 Common Conditions
_cHildreth,J.R
942 _2udc
_cBK
999 _c48088
_d48088